00358 a2200109 4500082001200000100003000012245012700042250001600169260003700185300001000222500001600232 a005.369 aMicrosoft Support Network aGetting Results with Microsoft Excel for Windows 95.bReal World Solutions for the Work you do.cMicrosoft Support Network aVersion 7.0 aUSAbMicrosoft Corporationc1995 a227p. aPaper cover